Catalino Bocachica / (Registro nro. 6831)

Detalles MARC
000 -LEADER
fixed length control field 01201nam a22002777a 4500
003 - CONTROL NUMBER IDENTIFIER
control field OSt
005 - DATE AND TIME OF LATEST TRANSACTION
control field 20250711125231.0
008 - FIXED-LENGTH DATA ELEMENTS--GENERAL INFORMATION
fixed length control field 200909s1995 ck a|||br|||| 00| 0 spa d
020 ## - INTERNATIONAL STANDARD BOOK NUMBER
International Standard Book Number 9582400560
040 ## - CATALOGING SOURCE
Original cataloging agency CO-JMCR
Transcribing agency CO-JMCR
041 0# - LANGUAGE CODE
Language code of text/sound track or separate title spa
082 04 - DEWEY DECIMAL CLASSIFICATION NUMBER
Edition number 23
Classification number N
Item number BERc
100 1# - MAIN ENTRY--PERSONAL NAME
Personal name Bernal Pinilla, Luis Darío,
Relator term autor
9 (RLIN) 8659
245 10 - TITLE STATEMENT
Title Catalino Bocachica /
Statement of responsibility, etc. Luis Darío Bernal Pinilla ; ilustraciones de Nicolás Lozano
250 ## - EDITION STATEMENT
Edition statement Primera edición
260 ## - PUBLICATION, DISTRIBUTION, ETC.
Place of publication, distribution, etc. Bogotá :
Name of publisher, distributor, etc. Alfaguara,
Date of publication, distribution, etc. 1995.
300 ## - PHYSICAL DESCRIPTION
Extent 95 páginas :
Other physical details ilustraciones a blanco y negro ;
Dimensions 20 cm.
490 1# - SERIES STATEMENT
Series statement Alfaguara infantil
500 ## - GENERAL NOTE
General note Datos biográficos del autor en página [6].
520 0# - SUMMARY, ETC.
Summary, etc. Hay sueños y aspiraciones de muy diversa condición en todos los niños y jóvenes. Algunos de ellos llegan a hacerse realidad. En Bocachica, un lugar ubicado a la entrada de bahía de Cartagena de Indias, un niño de doce años se empeña en ser boxeador.
650 24 - SUBJECT ADDED ENTRY--TOPICAL TERM
Topical term or geographic name entry element Novela colombiana--
Chronological subdivision Siglo XXI
9 (RLIN) 10010
650 24 - SUBJECT ADDED ENTRY--TOPICAL TERM
Topical term or geographic name entry element Boxeo en la literatura infantil
9 (RLIN) 10011
650 24 - SUBJECT ADDED ENTRY--TOPICAL TERM
Topical term or geographic name entry element Sueños
General subdivision Aspiraciones
-- Literatura infantil
9 (RLIN) 10012
700 1# - ADDED ENTRY--PERSONAL NAME
Personal name Lozano, Nicolás,
Relator term ilustrador
9 (RLIN) 10013
942 ## - ADDED ENTRY ELEMENTS (KOHA)
Source of classification or shelving scheme Dewey Decimal Classification
Koha item type Books
Existencias
Withdrawn status Lost status Source of classification or shelving scheme Damaged status Not for loan Home library Current library Shelving location Date acquired Source of acquisition Total Checkouts Full call number Barcode Date last seen Date last checked out Copy number Price effective from Koha item type Public note
    Dewey Decimal Classification     Biblioteca Pública José María del Castillo y Rada Biblioteca Pública José María del Castillo y Rada General Stacks 04/15/2018 Donación 3 N BERc 201809814 03/11/2026 03/11/2026 Ej.1 04/15/2018 Books Exlibris: libro rayado